Lord of the Rings Armies that came to the aid of Gondor - Statistics

General Stats
  • This quiz has been taken 64 times
  • The average score is 3 of 10
Answer Stats
Hint Answer % Correct
6,000 horsemen Rohan
93%
Men in the ships of Umbar The dunedain, with men from the south, the sons of Elrond, Gimli, and Legolas
58%
Company of knights with 700 men on foot Dol Amroth
56%
200 men well armed with battle axes Lossarnach
39%
Few grim hillmen Lamedon
26%
Long line of hunters, herdsmen, and village men Anfalas
21%
300 green clad men Pinnath Gelin
21%
500 bowmen Morthond
19%
300 men on foot Ringlo Vale
9%
100 fisherfolk Ethir
7%
No matching quizzes found
Score Distribution
Percent of People with Each Score
Percentile by Number Answered
Your Score History
You have not taken this quiz